00632nam a2200205Ia 4500003000400000005001700004008004100021020003000062040000700092041000800099082001300107100002200120245004100142260003800183300000900221650003100230942001300261999001900274952013300293OSt20250818112632.0250729s2004 xx 000 0 und d a 978-8176488365 Publisher cAL aeng a613 RAOP aSingh y k9221402 aInstrumental technology in education aNew DelhibA P H Publishingc2004 a317p aPhysical Education9221403 2ddccBED c234993d234993 001040708BEDaALbALd2025-07-29eSita Book Houseg240.00l0o613 RAOPpBED00312r2025-07-29 16:53:38v240.00w2025-07-29yBK